Manažment v teórii a praxi online odborný časopis o nových trendoch v manažmente

Na minha lista:
Detalhes bibliográficos
Formato: Periódico
Idioma:eslovaco
Publicado em: Košice Katedra manažmentu PHF EU 2015
Tags: Adicionar Tag
Sem tags, seja o primeiro a adicionar uma tag!

MARC

LEADER 00000nas2a2200000 4500
001 0209404
005 20170717100820.9
022 |a 1336-7137 
041 0 |a slo 
044 |a SK 
245 1 0 |a Manažment v teórii a praxi  |b online odborný časopis o nových trendoch v manažmente 
264 1 |a Košice  |b Katedra manažmentu PHF EU  |c 2015 
773 0 |w eu_un_cat*0036846